<?xml version="1.0" encoding="UTF-8"?>
<record
    xmlns:xsi="http://www.w3.org/2001/XMLSchema-instance"
    xsi:schemaLocation="http://www.loc.gov/MARC21/slim http://www.loc.gov/standards/marcxml/schema/MARC21slim.xsd"
    xmlns="http://www.loc.gov/MARC21/slim">

  <leader>01205nam a2200265 i 4500</leader>
  <controlfield tag="003">DO-SdBNP</controlfield>
  <controlfield tag="005">20231130141119.0</controlfield>
  <controlfield tag="007">ta</controlfield>
  <controlfield tag="008">220914e1981    dr  |||grc||| 000 0dspa d</controlfield>
  <datafield tag="040" ind1=" " ind2=" ">
    <subfield code="a">DO-SdBNP</subfield>
    <subfield code="b">spa</subfield>
    <subfield code="c">BNPHU</subfield>
    <subfield code="e">rda</subfield>
  </datafield>
  <datafield tag="082" ind1=" " ind2="4">
    <subfield code="b">F356n,1981</subfield>
    <subfield code="2">22</subfield>
  </datafield>
  <datafield tag="111" ind1=" " ind2=" ">
    <subfield code="a">Feria Nacional del Libro</subfield>
    <subfield code="n">(IX&#xAA; :</subfield>
    <subfield code="d">1981: del 23 al 30 de abril : </subfield>
    <subfield code="c">Plaza Gonzalo Fern&#xE1;ndez de Oviedo, Casa de Bastidas, Casa de Bibli&#xF3;filos, Casa de Francia, Museo de las Casas Reales, Santo Domingo)</subfield>
    <subfield code="9">82367</subfield>
  </datafield>
  <datafield tag="245" ind1="1" ind2="0">
    <subfield code="a">IX feria nacional del libro:</subfield>
    <subfield code="b">homenaje a Domingo Moreno Jim&#xE9;nez /</subfield>
  </datafield>
  <datafield tag="246" ind1=" " ind2=" ">
    <subfield code="a">Novena feria nacional del libro:</subfield>
    <subfield code="b">homenaje a Domingo Moreno Jim&#xE9;nez /</subfield>
  </datafield>
  <datafield tag="264" ind1=" " ind2="1">
    <subfield code="a">Santo Domingo :</subfield>
    <subfield code="b">Comisi&#xF3;n Organizadora Permanente de la Feria Nacional del Libro,</subfield>
    <subfield code="c">1981.</subfield>
  </datafield>
  <datafield tag="300" ind1=" " ind2=" ">
    <subfield code="a">[16] p&#xE1;ginas</subfield>
    <subfield code="c">22 cm.</subfield>
  </datafield>
  <datafield tag="336" ind1=" " ind2=" ">
    <subfield code="2">rdacontent</subfield>
    <subfield code="a">texto</subfield>
    <subfield code="b">txt</subfield>
  </datafield>
  <datafield tag="337" ind1=" " ind2=" ">
    <subfield code="2">rdamedia</subfield>
    <subfield code="a">sin mediaci&#xF3;n</subfield>
    <subfield code="b">n</subfield>
  </datafield>
  <datafield tag="338" ind1=" " ind2=" ">
    <subfield code="2">rdacarrier</subfield>
    <subfield code="a">volumen</subfield>
    <subfield code="b">nc</subfield>
  </datafield>
  <datafield tag="590" ind1=" " ind2=" ">
    <subfield code="a">Inventariado 2023 / YL</subfield>
  </datafield>
  <datafield tag="611" ind1=" " ind2="4">
    <subfield code="a">Feria Nacional del Libro</subfield>
    <subfield code="d">(1981:</subfield>
    <subfield code="c">Santo Domingo, Rep&#xFA;blica Dominicana)</subfield>
    <subfield code="x">Domingo Moreno Jim&#xE9;nez</subfield>
    <subfield code="9">82368</subfield>
  </datafield>
  <datafield tag="650" ind1=" " ind2="4">
    <subfield code="a">Feria del libro</subfield>
    <subfield code="x">Domingo Moreno Jim&#xE9;nez</subfield>
    <subfield code="z">Rep&#xFA;blica Dominicana</subfield>
    <subfield code="9">82369</subfield>
  </datafield>
  <datafield tag="910" ind1=" " ind2=" ">
    <subfield code="a">YLockward</subfield>
  </datafield>
  <datafield tag="942" ind1=" " ind2=" ">
    <subfield code="2">ddc</subfield>
    <subfield code="c">LF2</subfield>
  </datafield>
  <datafield tag="952" ind1=" " ind2=" ">
    <subfield code="0">0</subfield>
    <subfield code="1">0</subfield>
    <subfield code="2">ddc</subfield>
    <subfield code="5">1</subfield>
    <subfield code="7">0</subfield>
    <subfield code="8">DS-F</subfield>
    <subfield code="a">BNPHU</subfield>
    <subfield code="b">BNPHU</subfield>
    <subfield code="c">CT</subfield>
    <subfield code="d">2019-04-04</subfield>
    <subfield code="e">Maritza P&#xE9;rez G.</subfield>
    <subfield code="l">0</subfield>
    <subfield code="o">F356n,1981 xxxxx</subfield>
    <subfield code="p">2023-5432</subfield>
    <subfield code="r">2023-08-18</subfield>
    <subfield code="w">2023-08-18</subfield>
    <subfield code="y">LF2</subfield>
  </datafield>
  <datafield tag="952" ind1=" " ind2=" ">
    <subfield code="0">0</subfield>
    <subfield code="1">0</subfield>
    <subfield code="2">ddc</subfield>
    <subfield code="5">1</subfield>
    <subfield code="7">0</subfield>
    <subfield code="8">DS-F</subfield>
    <subfield code="a">BNPHU</subfield>
    <subfield code="b">BNPHU</subfield>
    <subfield code="c">CT</subfield>
    <subfield code="d">2019-04-04</subfield>
    <subfield code="e">Maritza P&#xE9;rez G.</subfield>
    <subfield code="l">0</subfield>
    <subfield code="o">F356n,1981 xxxxx</subfield>
    <subfield code="p">2023-5433</subfield>
    <subfield code="r">2023-08-18</subfield>
    <subfield code="t">e. 2</subfield>
    <subfield code="w">2023-08-18</subfield>
    <subfield code="y">LF2</subfield>
  </datafield>
  <datafield tag="952" ind1=" " ind2=" ">
    <subfield code="0">0</subfield>
    <subfield code="1">0</subfield>
    <subfield code="2">ddc</subfield>
    <subfield code="5">6</subfield>
    <subfield code="7">0</subfield>
    <subfield code="8">DS</subfield>
    <subfield code="a">BNPHU</subfield>
    <subfield code="b">BNPHU</subfield>
    <subfield code="c">CT</subfield>
    <subfield code="d">2014-12-01</subfield>
    <subfield code="e">Barbara Suncar</subfield>
    <subfield code="l">0</subfield>
    <subfield code="o">BNPHU DS F356n,1981</subfield>
    <subfield code="p">2023-8169</subfield>
    <subfield code="r">2023-11-30</subfield>
    <subfield code="t">e.  3</subfield>
    <subfield code="w">2023-08-18</subfield>
    <subfield code="y">LF2</subfield>
    <subfield code="z">Perteneci&#xF3; a la biblioteca personal de B&#xE1;rbara Suncar</subfield>
  </datafield>
  <datafield tag="999" ind1=" " ind2=" ">
    <subfield code="c">54474</subfield>
    <subfield code="d">54474</subfield>
  </datafield>
</record>
